Practical geometry in the high middle ages : artis cuiuslibet consummatio and the pratike de geometrie /

Bibliographic Details
Main Author: Victor, Stephen K.
Corporate Author: American Philosophical Society
Format: Thesis Book
Language:English
Published: Philadelphia : American Philosophical Society, 1979.
Series:Memoirs of the American Philosophical Society ; v. 134.
Subjects:

MARC

Tag First Indicator Second Indicator Subfields
LEADER 00000cam a2200000 a 4500
001 in00000080128
005 20151008055327.0
008 790822s1979 paua b 00110 eng d
010 |a  78073170  
020 |a 0871691345 
035 |a (OCoLC)05299099 
035 |9 AAJ3166AM 
040 |a PHA  |c PHA  |d OCL  |d m.c.  |d TXA  |d UtOrBLW 
049 |a TXAM  |c [1329249] 
090 |a QA444  |b .V5 1979 
092 |a 506  |b Am3614, v.134 
100 1 |a Victor, Stephen K. 
245 1 0 |a Practical geometry in the high middle ages :  |b artis cuiuslibet consummatio and the pratike de geometrie /  |c edited with translation and commentary by Stephen K. Victor. 
264 1 |a Philadelphia :  |b American Philosophical Society,  |c 1979. 
300 |a 638 pages :  |b illustrations ;  |c 28 cm. 
336 |a text  |b txt  |2 rdacontent 
337 |a unmediated  |b n  |2 rdamedia 
338 |a volume  |b nc  |2 rdacarrier 
490 1 |a Memoirs of the American Philosophical Society ;  |v v. 134 
500 |a Includes indexes. 
502 |b Ph.D.  |c Harvard University  |d 1973. 
504 |a Bibliography: pages 602-614. 
650 0 |a Geometry  |v Early works to 1800. 
710 2 |a American Philosophical Society. 
830 0 |a Memoirs of the American Philosophical Society ;  |v v. 134. 
999 |a MARS 
999 f f |s 6f2d41d7-87e3-3f90-89dc-9b369a881dfd  |i db0dce1b-376b-312f-a291-45f66abbf1a3  |t 0 
952 f f |p normal  |a Texas A&M University  |b College Station  |c Sterling C. Evans Library  |d Evans: Library Stacks  |t 0  |e QA444 .V5 1979  |h Library of Congress classification  |i unmediated -- volume  |m A14806205639 
998 f f |a QA444 .V5 1979  |t 0  |l Evans: Library Stacks